Latin for Americans- Unit 5 Vocabulary Review - Statistics

General Stats
  • This quiz has been taken 19 times
    10 since last reset
  • The average score is 18 of 48
Answer Stats
Latin Part of Speech Answer % Correct
Liber, LIbri m. Noun Book
100%
Deus,Dei m. Noun God
100%
Dico, Dicere, Dixi, Dictus Verb Say
90%
-Que Conjunction And
80%
Firmus, Firma, Firmum Adjective Firm
80%
Scribo,Scribere,Scripsi,Scriptus Verb Write
80%
Medius, Media, Medium Adjective Middle
70%
Poeta, Poetae m. Noun Poet
70%
Tardus, Tarda, Tardum Adjective Slow
70%
Verbum, Verbi n. Noun Word
70%
Dea, Deae f. Noun Goddess
60%
Audio,Audire,Audivi,Auditus Verb Hear
60%
Committo,Committere,Commisi,Commissus Verb Join Together
60%
Varius, Varia, Varium Adjective Various
60%
Ventus,Venti m. Noun Wind
60%
Cum Preposition With
60%
Lego,Legere,Lexi,Lectus Verb Read
50%
Ita Adverb So
50%
Fugio,Fugere,Fugi,Fuiturus Verb Flee
40%
Plenus, Plena, Plenum Adjective Full
40%
Apello,Apellare,Apellavi,Apellatus Verb Name
40%
Numquam Adverb Never
40%
Aut Conjunction Or
40%
Afficio,Afficere,Affeci,Affectus Verb Affect
20%
Proelium,Proeli n. Noun Battle
20%
Incipio,Incipere,Incepi,Inceptus Verb Begin
20%
Contineo,Cintinere,Continui,Contetus Verb Contain
20%
Aut...Aut Conjunction Either... Or
20%
Pauci,Paucae,Pauca (pl. only) Adjective Few
20%
Neque... Neque Conjunction Neither... Nor
20%
Valeo,Valere,Valui,Valiturus Verb Be Well
10%
Et..Et Conjunction Both... And
10%
Convoco,Conocare,Convocavi,Concocatus Verb Call Together
10%
Convenio,Convenire,Conveni,Conventurus Verb Come Together
10%
Traho,Trahere,Traxi,Tracus Verb Drag
10%
Sententia, Sentantiae f. Noun Feeling
10%
Praesidium,Praesidi n. Noun Guard
10%
Propero,Properare,Properavi,Properatus Verb Hasten
10%
Studium, Studi n. Noun Interest
10%
Reduco,Reducere,Reduxi,Reductus Verb Lead Back
10%
Finitimus,Finitimi m. Noun Neighbor
10%
Finitimus, Finitima, Finitimum Adjective Neighboring
10%
Neque (Nec) Conjunction Nor
10%
Reliquus, Reliqua, Reliquum Adjective Remaining
10%
Perpetuus,Perpetua, Perpetuum Adjective Constant
0%
Commodus, Commoda, Commodum Adjective Convenient
0%
Otium, Oti n. Noun Peace
0%
Gero,Gerere,Gessi,Gestus Verb Wage
0%
No matching quizzes found
Score Distribution
Percent of People with Each Score
Percentile by Number Answered
Your Score History
You have not taken this quiz since the last reset